| 000 | 00919nam a2200265Ia 4500 | ||
|---|---|---|---|
| 005 | 20220316235541.0 | ||
| 008 | 121119s2002 ck gr 000 0 spa | ||
| 020 | _a9583600873 | ||
| 041 | 0 | _aspa | |
| 082 | 0 | 4 | _a986.11 F14H3 |
| 100 | 1 |
_aFals Borda, Orlando _d1925- |
|
| 245 | 1 | 0 |
_aHistoria doble de la costa, 3 _bresistencia en el San Jorge |
| 250 | _aPrimera edición | ||
| 300 |
_a212 páginas _c20 cm |
||
| 490 | 0 | _aMaestros de la sede | |
| 651 | 4 |
_aCosta Atlántica (Colombia) _xPolitica y gobierno _938715 |
|
| 651 | 4 |
_aCosta Atlántica (Colombia) _ySiglo XIX _938716 |
|
| 651 | 4 |
_aCosta Atlántica (Colombia) _xVida social y costumbres _ySiglo XIX _938717 |
|
| 942 |
_2ddc _cBK |
||
| 264 |
_aBogotá _bEl Áncora _bBanco de la República _c2002 |
||
| 336 |
_atexto _btxt _2rdacontent |
||
| 337 |
_asin mediación _bn _2rdamedia |
||
| 338 |
_avolumen _bnc _2rdacarrier |
||
| 040 |
_aCO-BoRNBP _bspa _erda _cCO-BoRNBP |
||
| 999 |
_c1330 _d1330 |
||